| 000 | 01223nam2a22002291 4500 | ||
|---|---|---|---|
| 001 | rc\4100135 | ||
| 005 | 20250611000353.0 | ||
| 035 | _a(NLR Aleph) 007974775 | ||
| 090 |
_a8482218 _c8482218 |
||
| 100 | _a20130415d1952 |||y0rusy50 ca | ||
| 101 | 0 | _arus | |
| 102 | _aRU | ||
| 105 | _ay z ||||| | ||
| 200 | 1 | _aПроизводные величины (Средние величины) | |
| 210 |
_d1952 _aБ. м. |
||
| 215 | _a24 с. | ||
| 461 | 0 |
_1001rc\4100132 _12001#$aЛекции по военно-медицинской статистике$eДля слушателей Воен.-мед. акад. им. С.М. Кирова$eВып. 2$fВоен.-мед. акад. им. С.М. Кирова$vВып. 4 _1700#1$aКаминский$bЛ.С.$f1889-1962$gЛев Семенович _98482202 _aКаминский, Л.С. (1889-1962) _cЛенинград _d1951 _fВоен.-мед. акад. им. С.М. Кирова _nБ. и. _oДля слушателей Воен.-мед. акад. им. С.М. Кирова : Вып. 2 _tЛекции по военно-медицинской статистике _vВып. 4 |
|
| 801 | 0 |
_aRU _bNLR _gpsbo |
|
| 801 | 1 |
_aRU _bELAR _2rusmarc |
|
| 852 |
_aNLR _jВ40 Г-6/250 |
||
| 942 | _cBOOK | ||
| 980 | _aNB | ||